[Event "Hannover Bezirks-ch U16"]
[Site "Lehrte"]
[Date "2019.10.06"]
[Round "7.5"]
[White "Korb, Jakob"]
[Black "Von Knobloch, Tizian"]
[Result "1/2-1/2"]
[WhiteElo "1024"]
[BlackElo "1389"]
[PlyCount "60"]
[EventDate "2019.10.03"]
[EventType "swiss"]
[EventRounds "7"]
[EventCountry "GER"]
[SourceTitle "EXT 2023"]
[Source "ChessBase"]
[SourceDate "2022.10.05"]
[SourceVersion "1"]
[SourceVersionDate "2022.10.05"]
[SourceQuality "1"]

1. e4 e5 2. Nf3 d6 3. h3 Nf6 4. Nc3 Be6 5. d4 exd4 6. Nxd4 Qd7 7. Nxe6 Qxe6 8. Qe2 Nc6 9. Nd5 Nxd5 10. exd5 Qxe2+ 11. Bxe2 Nb4 12. Bd3 Nxd5 13. 0-0 0-0-0 14. c4 Nf6 15. Re1 g6 16. Bg5 Bg7 17. Re2 Rde8 18. Rae1 Kd8 19. b4 h6 20. Be3 b6 21. c5 dxc5 22. bxc5 Nd5 23. Bb5 Nc3 24. Rd2+ Kc8 25. Bxe8 Rxe8 26. cxb6 axb6 27. Rc1 Ne4 28. Bxb6 Nxd2 29. Rxc7+ Kb8 30. Rxf7 Re1+ 1/2-1/2

[Event "Niedersachsen-ch op B"]
[Site "Verden"]
[Date "2019.01.04"]
[Round "3"]
[White "Von Knobloch, Tizian"]
[Black "Axt, Christian"]
[Result "1/2-1/2"]
[WhiteElo "1418"]
[BlackElo "1639"]
[PlyCount "101"]
[EventDate "2019.01.03"]
[EventType "swiss"]
[EventRounds "7"]
[EventCountry "GER"]
[SourceTitle "EXT 2022"]
[Source "ChessBase"]
[SourceDate "2021.10.06"]
[SourceVersion "1"]
[SourceVersionDate "2021.10.06"]
[SourceQuality "1"]

1. Nf3 d5 2. b3 Nf6 3. Bb2 c5 4. e3 e6 5. c4 Nc6 6. d4 Be7 7. dxc5 Bxc5 8. Nc3 0-0 9. cxd5 exd5 10. Be2 d4 11. exd4 Nxd4 12. 0-0 Nxe2+ 13. Qxe2 Re8 14. Rad1 Qe7 15. Qxe7 Rxe7 16. Nd5 Nxd5 17. Rxd5 Bb6 18. Re5 Rxe5 19. Nxe5 Be6 20. Rc1 Rd8 21. h3 Rd2 22. Nc4 Bxc4 23. Rxc4 f6 24. Bc3 Rxf2 25. Bd4 Bxd4 26. Rxd4 Rxa2 27. Rd8+ Kf7 28. Rd7+ Kg6 29. Rxb7 h5 30. h4 a5 31. Rb5 Kh6 32. Kh2 g5 33. hxg5+ fxg5 34. Rb6+ Kg7 35. Kg3 h4+ 36. Kh3 Rd2 37. Rb5 Kg6 38. Rxa5 Rd3+ 39. Kh2 Rxb3 40. Ra4 Re3 41. Rb4 Kf5 42. Rb5+ Kf4 43. Rb4+ Re4 44. Rxe4+ Kxe4 45. g3 h3 46. Kxh3 Kf3 47. g4 Kf4 48. Kh2 Kxg4 49. Kg2 Kf4 50. Kf2 g4 51. Kg2 1/2-1/2

[Event "Hannover Bezirk-ch U14"]
[Site "Hannover"]
[Date "2018.10.06"]
[Round "6.1"]
[White "Von Knobloch, Tizian"]
[Black "Dupont, Paul1111"]
[Result "1/2-1/2"]
[WhiteElo "1374"]
[BlackElo "1131"]
[PlyCount "76"]
[EventDate "2018.10.04"]
[EventType "swiss"]
[EventRounds "7"]
[EventCountry "GER"]
[SourceTitle "EXT 2022"]
[Source "ChessBase"]
[SourceDate "2021.10.06"]
[SourceVersion "1"]
[SourceVersionDate "2021.10.06"]
[SourceQuality "1"]

1. Nf3 Nc6 2. c4 e5 3. Nc3 Bb4 4. Qc2 d6 5. e3 Bg4 6. Be2 Nf6 7. a3 Bxc3 8. Qxc3 0-0 9. h3 Bh5 10. d4 exd4 11. Nxd4 Nxd4 12. Bxh5 Nxh5 13. Qxd4 Nf6 14. 0-0 c5 15. Qd3 Qb6 16. Rd1 Rad8 17. Rb1 Qc6 18. Qc3 Rd7 19. b4 b6 20. b5 Qb7 21. Bb2 Rfd8 22. Rd5 Kf8 23. Rbd1 Nxd5 24. Qxg7+ Ke7 25. Rxd5 Rf8 26. Qf6+ Ke8 27. Rxd6 Rxd6 28. Qxd6 Rg8 29. Qe5+ Kd8 30. f3 Re8 31. Qf6+ Qe7 32. e4 Qxf6 33. Bxf6+ Kd7 34. Kf2 Re6 35. Bc3 Rd6 36. Ke2 Rg6 37. Kf2 Rd6 38. Ke2 Rg6 1/2-1/2

[Event "Hannover Bezirk-ch U14"]
[Site "Hannover"]
[Date "2018.10.04"]
[Round "2.2"]
[White "Von Knobloch, Tizian"]
[Black "Thiele, Lea Marie"]
[Result "1-0"]
[WhiteElo "1374"]
[BlackElo "933"]
[PlyCount "63"]
[EventDate "2018.10.04"]
[EventType "swiss"]
[EventRounds "7"]
[EventCountry "GER"]
[SourceTitle "EXT 2022"]
[Source "ChessBase"]
[SourceDate "2021.10.06"]
[SourceVersion "1"]
[SourceVersionDate "2021.10.06"]
[SourceQuality "1"]

1. Nf3 d5 2. b3 Nc6 3. Bb2 f6 4. e3 e5 5. c4 dxc4 6. Bxc4 Nge7 7. Nc3 Bg4 8. h3 Bxf3 9. Qxf3 Nb4 10. 0-0 Qxd2 11. Qxb7 Rd8 12. Qxb4 Nc6 13. Qb5 Rd6 14. Ba3 Rd7 15. Bxf8 Rxf8 16. Qxc6 f5 17. Nb5 Rf6 18. Nxc7+ Kd8 19. Ne6+ Ke7 20. Qc5+ Rd6 21. Qxa7+ Rd7 22. Qc5+ Rd6 23. Nxg7 f4 24. Qxe5+ Kd7 25. exf4 Qxf4 26. Qb5+ Rc6 27. Nh5 Qf5 28. Nxf6+ Qxf6 29. Bd5 Kc7 30. Bxc6 h6 31. Rfd1 Qxa1 32. Qb7# 1-0

[Event "Hannover-ch U12"]
[Site "Lehrte"]
[Date "2016.10.03"]
[Round "7"]
[White "Lohmann, Benjamin"]
[Black "Von Knobloch, Tizian"]
[Result "0-1"]
[WhiteElo "915"]
[BlackElo "789"]
[PlyCount "162"]
[EventDate "2016.10.01"]
[EventType "swiss"]
[EventRounds "11"]
[EventCountry "GER"]
[SourceTitle "EXT 2020"]
[Source "ChessBase"]
[SourceDate "2019.10.17"]
[SourceVersion "1"]
[SourceVersionDate "2019.10.17"]
[SourceQuality "1"]

1. e4 Nc6 2. Nf3 d6 3. Bc4 Nf6 4. d3 e5 5. c3 Bg4 6. h3 Bh5 7. Nbd2 g6 8. Nf1 Bg7 9. Ng3 Qd7 10. 0-0 0-0-0 11. Bb5 d5 12. exd5 Qxd5 13. Bc4 Qd6 14. Bxf7 e4 15. Nxe4 Nxe4 16. Qe2 Qe7 17. Qxe4 Qxf7 18. Ng5 Qf6 19. Qe6+ Rd7 20. Qxf6 Bxf6 21. d4 h6 22. Ne4 Be7 23. Nc5 Bxc5 24. dxc5 g5 25. g4 Bg6 26. b4 Rd3 27. b5 Na5 28. Kg2 Rxc3 29. Bb2 Be4+ 30. Kh2 Rxc5 31. Bxh8 Rxb5 32. Rfe1 Bc6 33. a4 Rd5 34. Bg7 Rd2 35. Kg1 Nc4 36. Bxh6 Nb2 37. Bxg5 Rc2 38. a5 Nd3 39. Rf1 Ne5 40. Rac1 Nf3+ 41. Kg2 Nxg5+ 42. Kg3 Ne4+ 43. Kg2 Nd2+ 44. Kg1 Nf3+ 45. Kg2 Ng5+ 46. Kg1 Nf3+ 47. Kg2 Ng5+ 48. Kg1 Nxh3+ 49. Kh2 Rxf2+ 50. Kxh3 Bg2+ 51. Kg3 Rxf1 52. Rxf1 Bxf1 53. g5 Bd3 54. Kf3 c5 55. Ke3 c4 56. Kd2 Kd7 57. g6 Bxg6 58. Kc3 Bd3 59. Kd4 Kc6 60. Kc3 Kb5 61. a6 bxa6 62. Kb2 Kb4 63. Kc1 c3 64. Kd1 Kb3 65. Kc1 c2 66. Kd2 Kb2 67. Kxd3 c1Q 68. Ke4 Qd2 69. Ke5 Kc3 70. Ke4 Qd4+ 71. Kf5 Kd3 72. Ke6 Qc5 73. Kf6 Ke4 74. Kg6 Kf4 75. Kf6 Qc6+ 76. Kf7 Ke5 77. Kg7 Kf5 78. Kh7 Kg5 79. Kg7 Qc7+ 80. Kh8 Kg6 81. Kg8 Qg7# 0-1

[Event "Hannover-ch U12"]
[Site "Lehrte"]
[Date "2016.10.02"]
[Round "4"]
[White "Albrecht, Jonas"]
[Black "Von Knobloch, Tizian"]
[Result "1-0"]
[WhiteElo "954"]
[BlackElo "789"]
[PlyCount "123"]
[EventDate "2016.10.01"]
[EventType "swiss"]
[EventRounds "11"]
[EventCountry "GER"]
[SourceTitle "EXT 2020"]
[Source "ChessBase"]
[SourceDate "2019.10.17"]
[SourceVersion "1"]
[SourceVersionDate "2019.10.17"]
[SourceQuality "1"]

1. e4 Nc6 2. Nf3 e5 3. Bc4 Nf6 4. d3 d5 5. exd5 Nxd5 6. Bxd5 Qxd5 7. Nc3 Qd7 8. Be3 Nd4 9. Nxe5 Qd6 10. Bxd4 Qxd4 11. Nf3 Qd6 12. Qe2+ Be7 13. 0-0 Qg6 14. Rae1 Qf6 15. Nd5 Qd6 16. Nxe7 Be6 17. Nf5 Qd7 18. Nxg7+ Ke7 19. Nxe6 fxe6 20. Ng5 Rag8 21. Qxe6+ Qxe6 22. Nxe6 Kd7 23. c4 Re8 24. Nf4 Ref8 25. Nh3 Kc8 26. b4 Rd8 27. Rd1 Rhe8 28. b5 Re2 29. Rfe1 Rxa2 30. Nf4 Rf8 31. Re2 Rxe2 32. Nxe2 Re8 33. Rd2 a6 34. bxa6 bxa6 35. Kf1 Kb7 36. Nc3 Kc6 37. Rb2 Kc5 38. Ne2 a5 39. Rb5+ Kc6 40. Rxa5 Kb6 41. Rh5 Re7 42. g4 Rg7 43. f3 Rf7 44. Kg2 Rd7 45. d4 c6 46. f4 Rc7 47. c5+ Kb5 48. f5 Rg7 49. Kf3 Re7 50. h4 Kc4 51. g5 Kd3 52. Nf4+ Kd2 53. f6 Re3+ 54. Kf2 Re4 55. Kf3 Re3+ 56. Kg4 Re4 57. f7 Rxd4 58. f8Q Rd7 59. Qe8 Rd3 60. Qe2+ Kc1 61. Nxd3+ Kb1 62. Qb2# 1-0